| 000 | nam a22 7a 4500 | ||
|---|---|---|---|
| 999 |
_c329151 _d329151 |
||
| 003 | Nust | ||
| 005 | 20170425125312.0 | ||
| 008 | 170425b xxu||||| |||| 00| 0 eng d | ||
| 040 | _c0 | ||
| 082 | _a378.5491 NUS | ||
| 245 | _aAnnual Report 2007 | ||
| 260 |
_aRawalpindi _bNUST _c2007 |
||
| 300 | _a136p. | ||
| 500 | _aP.B | ||
| 942 |
_2ddc _cBK _k378.5491 NUS |
||